La exploración del Atlántico / (Record n. 29941)
[ formato base ]
| 000 -LEADER | |
|---|---|
| fixed length control field | 00850nam a2200253 i 4500 |
| 003 - CONTROL NUMBER IDENTIFIER | |
| control field | IT-RoINE |
| 005 - DATE AND TIME OF LATEST TRANSACTION | |
| control field | 20190506102903.0 |
| 008 - FIXED-LENGTH DATA ELEMENTS--GENERAL INFORMATION | |
| fixed length control field | 920224s1991 sp b |r 001|||spa|d |
| 020 ## - INTERNATIONAL STANDARD BOOK NUMBER | |
| International Standard Book Number | 8471001985 |
| 040 ## - CATALOGING SOURCE | |
| Original cataloging agency | SpMaBN |
| Transcribing agency | SpMaBN IT-RoINE |
| Modifying agency | IT-RoINE |
| 100 1# - MAIN ENTRY--PERSONAL NAME | |
| Personal name | Céspedes del Castillo, Guillermo, |
| Dates associated with a name | 1920-2006 |
| 9 (RLIN) | 8273 |
| 245 13 - TITLE STATEMENT | |
| Title | La exploración del Atlántico / |
| Statement of responsibility, etc | Guillermo Céspedes del Castillo. |
| 260 ## - PUBLICATION, DISTRIBUTION, ETC. (IMPRINT) | |
| Place of publication, distribution, etc | Madrid : |
| Name of publisher, distributor, etc | MAPFRE, |
| Date of publication, distribution, etc | [1991] |
| 300 ## - PHYSICAL DESCRIPTION | |
| Extent | 341 p. : |
| Other physical details | mapas ; |
| Dimensions | 23 cm. |
| 336 ## - CONTENT TYPE | |
| Source | rdacontent |
| Content type term | text |
| 337 ## - MEDIA TYPE | |
| Source | rdamedia |
| Media type term | unmediated |
| 338 ## - CARRIER TYPE | |
| Source | rdacarrier |
| Carrier type term | volume |
| 490 1# - SERIES STATEMENT | |
| Series statement | Colección América 92 ; |
| Volume number/sequential designation | 3 |
| 500 ## - GENERAL NOTE | |
| General note | Incluye índices y apéndices. |
| 504 ## - BIBLIOGRAPHY, ETC. NOTE | |
| Bibliography, etc | Bibliografía: p. [327]-330. |
| 651 #4 - SUBJECT ADDED ENTRY--GEOGRAPHIC NAME | |
| Geographic name | Atlántico |
| General subdivision | Descubrimiento y exploración |
| 9 (RLIN) | 58646 |
| 830 #0 - SERIES ADDED ENTRY--UNIFORM TITLE | |
| 9 (RLIN) | 58636 |
| Uniform title | América 92 (MAPFRE) |
| Volume number/sequential designation | 3 |
| 942 ## - ADDED ENTRY ELEMENTS (KOHA) | |
| Item type | Monografías |
| Withdrawn status | Lost status | Damaged status | Not for loan | Home library | Current library | Shelving location | Date acquired | Total Checkouts | Full call number | Barcode | Date last seen | Price effective from | Koha item type | Public note |
|---|---|---|---|---|---|---|---|---|---|---|---|---|---|---|
| Iglesia Nacional Española en Roma | Iglesia Nacional Española en Roma | Depósito | 09/04/2019 | COL.D 1.3 | 55855 | 09/04/2019 | 09/04/2019 | Monografías | Donación de la Fundación Mapfre América |